Statistics for Places that use the Australian dollar

Click here to take the quiz!

General Stats

  • This quiz has been taken 35 times
    (20 since last reset)
  • The average score is 6 of 14

Answer Stats

Territory or CountryAnswer% Correct
CountryAustralia
100%
CountryPapua New Guinea
71%
CountryTonga
71%
TerritoryChristmas Island
64%
CountryTuvalu
64%
CountryNauru
57%
CountryKiribati
50%
TerritoryCocos Islands
43%
TerritoryNorfolk Island
29%
TerritoryAustralian Antarctic Territory
21%
TerritoryHeard Island and McDonald Islands
14%
TerritoryCoral Sea Islands
7%
CountryZimbabwe
7%
TerritoryAshmore and Cartier Islands
0%

Score Distribution

Percentile by Number Answered

Percent of People with Each Score

Your Score History

You have not taken this quiz since the last reset